| 000 | 01588nam a22004217a 4500 | ||
|---|---|---|---|
| 003 | CHAP | ||
| 005 | 20220329143408.0 | ||
| 008 | 090331s2008 mx r 00010 spa d | ||
| 010 | _a95958 | ||
| 011 | _a96930 | ||
| 035 | _a107587 | ||
| 040 | _cCHAP | ||
| 090 | _aTesis | ||
| 100 | 0 | 0 |
_aÁngel Andrés, Lorena. _982426 |
| 245 | 1 | 0 |
_aEfecto de las quemas prescritas en el crecimiento en altura en Pinus hartwegii Lindl _c/por Lorena Ángel Andrés |
| 260 |
_aChapingo, Méx. : _bEl autor, _c2008 |
||
| 300 |
_axi, 75 h. : _bcuadros, grafs. |
||
| 502 | _aTesis (M.C. en Ciencias Forestales) -- UACH. División de Ciencias Forestales | ||
| 530 | _aTambién disponible en línea | ||
| 590 |
_aALEPH _b10 _c20130110 _lUCH01 _h1528 |
||
| 590 |
_aBATCH-UPD _b10 _c20130110 _lUCH01 _h0733 |
||
| 590 |
_aBATCH-UPD _b10 _c20130410 _lUCH01 _h0416 |
||
| 590 |
_aBATCH-UPD _b10 _c20130914 _lUCH01 _h1846 |
||
| 590 |
_aBATCH-UPD _b10 _c20140324 _lUCH01 _h1510 |
||
| 590 |
_aBATCH-UPD _b10 _c20141002 _lUCH01 _h0839 |
||
| 590 |
_aBATCH _b00 _c20181121 _lUCH01 _h0758 |
||
| 590 |
_aCONVERSION _b10 _c20130109 _lUCH01 _h1353 |
||
| 650 | 1 | 4 |
_aÁrboles _xCrecimiento. _96583 |
| 650 | 1 | 4 |
_aÁrboles _xDanos por el fuego. _96588 |
| 650 | 1 | 4 |
_aPináceas _xCrecimiento. _988225 |
| 650 | 1 | 4 |
_aPinus hartwegii. _988340 |
| 856 |
_3Finding aid _uhttp://10.13.5.2/tesis/107587.pdf _zTeclea aqui |
||
| 856 |
_a1 _n0000374 |
||
| 901 | _aBK | ||
| 942 | _cFOLL | ||
| 949 |
_aTesis _bBC _cTES _d33724002089496 _eTS2 _fc.2 _gDonaciØn _h49050 _i107587 _si |
||
| 949 |
_aTesis _bBC _cTES _d33724002089538 _eTS1 _gDonaciØn _h49049 _i107587 _sb |
||
| 999 |
_c95958 _d95958 |
||